Normal view
MARC view
- Nield D Rev
Entry Personal Name
001 - CONTROL NUMBER
- control field: 27869
003 - CONTROL NUMBER IDENTIFIER
- control field: OSt
005 - DATE AND TIME OF LATEST TRANSACTION
- control field: 20220803173112.0
008 - FIXED-LENGTH DATA ELEMENTS
- fixed length control field: 220803|| aca||aabn | a|a d
040 ## - CATALOGING SOURCE
- Original cataloging agency: OSt
- Transcribing agency: OSt
100 ## - HEADING--PERSONAL NAME
- Personal name: Nield D Rev
670 ## - SOURCE DATA FOUND
- Source citation: Work cat.: (OSt)17747: Nield D 27867, Mitchell's Advanced Building Consturction, 1959